000 01381nam a2200277 i 4500
001 bg
946 _c20,00
245 0 0 _aTynkowanie - (kod CPV 45410000-4) :
_bwykonanie tynków pocienionych wewnętrznych i zewnętrznych - (kod CPV 45410000-4)) /
_cOśrodek Wdrożeń Ekonomiczno-Organizacyjnych Budownictwa "Promocja".
260 _aWarszawa :
_bOśrodek Wdrożeń Ekonomiczno-Organizacyjnych Budownictwa "Promocja",
_c2005.
300 _a21 s. ;
_c24 cm.
490 1 _aSpecyfikacje techniczne Wykonywania i Odbioru Robót Budowlanych (Standardowe)
650 9 _aBudownictwo
_xtechnika
_xnormalizacja
_zPolska
650 9 _aTynkarstwo
_xnormalizacja
_zPolska
650 9 _aTynki
_xnormalizacja
_zPolska
655 _aInformatory
710 2 _aOśrodek Wdrożeń Ekonomiczno-Organizacyjnych Budownictwa "|PROMOCJA".
740 0 _aWykonanie tynków pocienionych wewnętrznych i zewnętrznych - (kod CPV 45410000-4)
830 _aSpecyfikacje techniczne Wykonywania i Odbioru Robót Budowlanych (Standardowe)
020 _a8389756374
040 _cBPK
041 0 _apol
044 _aPOL
080 _a693.6:006.3/.8(438)(058)
942 _cKS
008 s pl f |000 0 pol
999 _c49793
_d49793
856 _uhttp://koha.tu.koszalin.pl/cgi-bin/koha/opac-detail.pl?biblionumber=49793
_yKatalog online BPK